[Event "It (open) \"]
[Site "masterchessopen.com - Berlin (Germany)"]
[Date "2012.08.23"]
[Round "6"]
[White "Schrodt Horst (GER)"]
[Black "Sabrowski Uwe (GER)"]
[Result "0-1"]
[WhiteElo "1730"]
[BlackElo "2114"]

1.d4 f5 2.Nf3 Nf6 3.g3 g6 4.Bg2 Bg7 5.c4 d6 6.O-O O-O 7.Nc3 Qe8 8.Qc2 e5
9.dxe5 dxe5 10.e4 f4 11.b3 h6 12.Ba3 Rf7 13.Rad1 Nc6 14.Rd2 Bg4 15.Nh4 Nd4
16.Qb1 f3 17.Bh1 Rd7 18.Rd3 Nxe4 19.Bxf3 Bxf3 20.Nxf3 Nxc3 {#R} 0-1

[Event "Bundesliga (2nd) West 2012/13"]
[Site "masterchessopen.com - Austria"]
[Date "2012.10.07"]
[Round "3"]
[White "Froewis Georg (AUT)"]
[Black "Eisenbeiser Amadeus (GER)"]
[Result "1-0"]
[WhiteElo "2399"]
[BlackElo "2356"]

1.Nf3 f5 2.d4 Nf6 3.c4 g6 4.g3 Bg7 5.Bg2 O-O 6.O-O d6 7.Nc3 Qe8 8.Re1 Qf7 9.e4
Nxe4 10.Nxe4 fxe4 11.Rxe4 Qxc4 12.Rxe7 Bg4 13.Ne5 dxe5 14.Qxg4 Nc6 15.Rxc7
Rad8 16.Be3 exd4 17.Bg5 Rd6 18.Be7 h5 19.Qd1 Qe6 20.Bxf8 Bxf8 21.Rxb7 {#r} 1-0